Szczegóły MARC21

Literature of the western world. Vol. 2, Neoclassicism through the modern period /

003 -Nazwa inst., której nr kontr. jest w polu 001 [,]
    • @
    • Nazwa instytucji, której n kontrolny jest w polu 001
    • NUKAT
005 -DATA I CZAS OSTATNIEJ MODYFIKACJI [,]
    • @
    • pole kontrolne
    • 20241231100757.0
020 -Międzynarod. znormalizowany nr książki - ISBN [ , ]
    • a
    • Numer ISBN
    • 0024278009 Find
    • q
    • Dopowiedzenie
    • v. 1, pbk
020 -Międzynarod. znormalizowany nr książki - ISBN [ , ]
    • a
    • Numer ISBN
    • 0024278106 Find
    • q
    • Dopowiedzenie
    • v. 2, pbk
020 -Międzynarod. znormalizowany nr książki - ISBN [ , ]
    • a
    • Numer ISBN
    • 0024276707 Find
    • q
    • Dopowiedzenie
    • v. 1
020 -Międzynarod. znormalizowany nr książki - ISBN [ , ]
    • a
    • Numer ISBN
    • 0024276804 Find
    • q
    • Dopowiedzenie
    • v. 2
040 -Instytucja sporządzająca opis [ , ]
    • a
    • Instytucja, która sporządziła opis (NP)
    • NUKAT
    • c
    • Instytucja, która sporządziła rekord (NP)
    • KR U/PK/BMaj
    • d
    • Instytucja, która zmodyfikowała rekord (P)
    • KR U/ES
    • d
    • Instytucja, która zmodyfikowała rekord (P)
    • KR U/ES
041 -Język dokumentu [1, ]
    • a
    • Język tekstu (P)
    • angielski
    • h
    • Język tekstu oryginalnego i/lub pośredniego (P)
    • czeski
    • h
    • Język tekstu oryginalnego i/lub pośredniego (P)
    • francuski
    • h
    • Język tekstu oryginalnego i/lub pośredniego (P)
    • niemiecki
    • h
    • Język tekstu oryginalnego i/lub pośredniego (P)
    • portugalski
    • h
    • Język tekstu oryginalnego i/lub pośredniego (P)
    • rosyjski
    • h
    • Język tekstu oryginalnego i/lub pośredniego (P)
    • hiszpański
942 -Rodzaj dokumentu [ , ]
    • c
    • Rodzaj dokumentu
    • Książka
245 -Strefa tytułu i oznaczenia odpowiedzialności [0,0]
    • a
    • Tytuł
    • Literature of the western world. Find
    • n
    • Oznaczenie części (P)
    • Vol. 2,
    • p
    • Nazwa części (P)
    • Neoclassicism through the modern period /
    • c
    • Pozostałe elementy strefy tytułu i oznaczenia odpowiedzialności (NP)
    • [comp. by] Brian Wilkie, James Hurt.
246 -Wariant tytułu [3,0]
    • a
    • Tytuł (NP)
    • Neoclassicism through the modern period
250 -Strefa wydania [ , ]
    • a
    • Oznaczenie wydania (NP)
    • 2nd ed.
260 -Strefa adresu wydawniczego [ , ]
    • a
    • Miejsce wydania (P)
    • New York :
    • b
    • Nazwa wydawcy (P)
    • Free Press a Division Macmillan,
    • c
    • Data wydania (P)
    • 1988.
300 -Strefa opisu fizycznego [ , ]
    • a
    • Określenie formy książki i/lub objętość (NP)
    • XXIV, 2328 s. ;
    • c
    • Format (NP)
    • 24 cm.
336 -Typ zawartości [ , ]
    • a
    • Termin opisujący typ zawartości
    • Tekst
    • b
    • Kod określający zawartość
    • txt
    • 2
    • Źródło (terminu i kodu)
    • rdacontent
337 -Typ mediów [ , ]
    • a
    • Tryb odtwarzania
    • Bez urządzenia pośredniczącego
    • b
    • Kod typu mediów
    • n
    • 2
    • Źródło (terminu i kodu)
    • rdamedia
338 -Typ/rodzaj nośnika [ , ]
    • a
    • Hasło opisujące typ nośnika
    • Wolumin
    • b
    • Kod typu nośnika
    • nc
    • 2
    • Źródło (terminu i kodu)
    • rdacarrier
504 -Uwaga dot. bibliogr. załącznikowej [ , ]
    • a
    • Uwaga dot. bibliografii załącznikowej
    • Indeks.
546 -Uwaga dot. języka [ , ]
    • a
    • Uwaga dot. języka
    • Tekst częśc. tł. z czes., fr., niem., port., ros., hisz.
080 -Uniwersalna Klasyfikacja Dziesiętna [ , ]
    • a
    • Symbol klasyfikacji
    • 82(091)
    • 2
    • Identyfikator wydania tablic
    • UDC-P058
    • 9
    • UKD
    • 6588
    • b
    • Dopowiedzenie
    • Historia literatury.
    • 4
    • UKD2
    • 27354
    • x
    • Poddział wspólny
    • (1-15)
    • c
    • Dopowiedzenie poddz. wspólnego
    • (Zachód. Zachodni).
    • 4
    • UKD2
    • 9430
    • x
    • Poddział wspólny
    • "16/19"
    • c
    • Dopowiedzenie poddz. wspólnego
    • Wiek XVII/XX.
    • 4
    • UKD2
    • 7644
    • x
    • Poddział wspólny
    • =111
    • c
    • Dopowiedzenie poddz. wspólnego
    • =Język angielski.
655 -Hasło w funkcji tematu formalnego [ ,7]
    • a
    • Hasło
    • Antologie.
    • 2
    • Źródło terminu
    • kaba
    • 9
    • KHW
    • 101446
980 -Symbol UKD [ , ]
    • a
    • UKD
    • 82(091)(1-15)"16/19"=111
700 -Hasło dodatkowe - nazwa osobowa [1, ]
    • a
    • Nazwa osobowa (NP)
    • Wilkie, Brian Find
    • d
    • Daty biograficzne (NP)
    • (1929- ).
    • e
    • Określenie rodzaju współpracy
    • Oprac.
    • 9
    • KHW
    • 63487
700 -Hasło dodatkowe - nazwa osobowa [1, ]
    • a
    • Nazwa osobowa (NP)
    • Hurt, James Find
    • d
    • Daty biograficzne (NP)
    • (1934- ).
    • e
    • Określenie rodzaju współpracy
    • Oprac.
    • 9
    • KHW
    • 63486
710 -Hasło dodatkowe - nazwa ciała zbiorowego [2, ]
    • a
    • Nazwa ciała zbiorowego lub nazwa geograficzna jako pierwszy element (NP)
    • Macmillan Publishing Company.
    • 4
    • Kod relacji
    • pbl
    • 9
    • KHW
    • 54309
920 -ISBN [ , ]
    • a
    • ISBN
    • 0-02-427800-9 Find
    • q
    • Dopowiedzenie
    • v. 1, pbk
920 -ISBN [ , ]
    • a
    • ISBN
    • 0-02-427810-6 Find
    • q
    • Dopowiedzenie
    • v. 2, pbk
920 -ISBN [ , ]
    • a
    • ISBN
    • 0-02-427670-7 Find
    • q
    • Dopowiedzenie
    • v. 1
920 -ISBN [ , ]
    • a
    • ISBN
    • 0-02-427680-4 Find
    • q
    • Dopowiedzenie
    • v. 2
Numer inwentarzowy Lokalizacja Data inwentaryzacji Sygnatura Status udost.
A.3817BM1995-03-14ANG. Antologie 031